Recursos naturales en Centroamérica, Hoy /

সংরক্ষণ করুন:
গ্রন্থ-পঞ্জীর বিবরন
সংস্থা লেখক: CSUCA, IICA
বিন্যাস: অজ্ঞাত
প্রকাশিত: Managua :
ট্যাগগুলো: ট্যাগ যুক্ত করুন
কোনো ট্যাগ নেই, প্রথমজন হিসাবে ট্যাগ করুন!

MARC

LEADER 00000 a2200000 04500
001 15142
003
008 991231s d
040
090 |a 018210  
110 |a CSUCA  
245 |a Recursos naturales en Centroamérica, Hoy /  |c CSUCA  
260 |a Managua :  
300 |a viii; 520 p.  
710 |a IICA  
999 |c 17219  |d 17219